00699nam a2200241 a 4500001001300000003000900013005001700022008004100039020001000080082001300090100001900103245005200122260004900174300000900223500003500232505001700267650001100284700001900295902000800314942000700322952011300329999001500442nice12345678IN_TiNIC20260116012012.0050524s1959 mada grp 000 0 eng  ac10000a170bKEL aKellock, James aEthical Studies, Personal, Social and Religious aMadras bChristian Literature Society c1959 a315p aincludes index and biblioraphy2 aBibliography aEthics1 aKellock, James bSRS cBK 001040708StackRoom-aHMIbHMId2007-03-15g100.00l0o170 KELp08818r2007-03-15v100.00w2005-05-24yBK c5234d5234